Marki słodyczy - Statystyki

Ogólne statystyki
  • Ten quiz został rozwiązany 2 215 razy
  • Średni wynik to 8 z 34
Statystyki odpowiedzi
Odpowiedź % Poprawnych
Milka
76%
Kinder
69%
Haribo
66%
Snickers
58%
Mars
57%
Twix
42%
Chupa Chups
39%
Bounty
37%
Prince Polo
35%
KitKat
31%
Oreo
31%
Lion
30%
M&M
26%
Raffaello
26%
ZoZole
25%
Grześki
24%
Princessa
24%
Merci
19%
Nimm2
18%
Delicje
17%
Mamba
16%
Ptasie mleczko
16%
Skittles
16%
Jeżyki
11%
Hit
9%
Mentos
9%
Krówki
6%
Akuku
4%
Dumle
4%
Michaszki
3%
Fritt
2%
Werthers
2%
Hirschler
1%
Ricola
1%
Nie znaleziono quizów pasujących do podanych kryteriów
Rozkład punktacji
Procent ludzi z każdym wynikiem
Percentyl według liczby udzielonych odpowiedzi
Twoja historia wyników
Nie rozwiązałeś tego quizu